Diccionario de la mitología clásica. 2 (Registro nro. 831712)
[ vista simple ]
| 001 - NÚMERO DE CONTROL | |
|---|---|
| campo de control | 1565243 |
| 005 - FECHA Y HORA DE LA ÚLTIMA TRANSACCIÓN | |
| campo de control | 20240907092605.0 |
| 008 - DATOS DE LONGITUD FIJA--INFORMACIÓN GENERAL | |
| campo de control de longitud fija | 211202s1985 spa |
| 035 ## - NÚMERO DE CONTROL DEL SISTEMA | |
| Número de control de sistema | 1565243 |
| 040 ## - FUENTE DE LA CATALOGACIÓN | |
| Normas de descripción | rda |
| Centro/agencia transcriptor | comduadb |
| 041 ## - CÓDIGO DE LENGUA | |
| Código de lengua del texto/banda sonora o título independiente | spa |
| 100 10 - ENTRADA PRINCIPAL--NOMBRE DE PERSONA | |
| Nombre de persona | Falcón Martínez, Constantino |
| Código de función | cre |
| Término indicativo de función/relación | Creador |
| 9 (RLIN) | 495879 |
| 245 10 - MENCIÓN DE TÍTULO | |
| Título | Diccionario de la mitología clásica. 2 |
| 250 ## - MENCIÓN DE EDICIÓN | |
| Mención de edición | Cuarta edición |
| 260 ## - PUBLICACIÓN, DISTRIBUCIÓN, ETC. | |
| Lugar de publicación, distribución, etc. | Madrid : |
| Nombre del editor, distribuidor, etc. | Alianza Editorial, |
| Fecha de publicación, distribución, etc. | 1985. |
| 336 ## - TIPO DE CONTENIDO | |
| Término de tipo de contenido | texto |
| Código de tipo de contenido | txt |
| Número de control del registro de autoridad o número normalizado | (uri)http://www.rdaregistry.info/termList/RDAContentType/#1020 |
| Fuente | rdacontent |
| 337 ## - TIPO DE MEDIO | |
| Nombre/término del tipo de medio | no mediado |
| Código del tipo de medio | n |
| Número de control del registro de autoridad o número normalizado | (uri)http://www.rdaregistry.info/termList/RDAMediaType/#1007 |
| Fuente | rdamedia |
| 338 ## - TIPO DE SOPORTE | |
| Nombre/término del tipo de soporte | volumen |
| Código del tipo de soporte | nc |
| Número de control del registro de autoridad o número normalizado | (uri)http://www.rdaregistry.info/termList/RDACarrierType/#1049 |
| Fuente | rdacarrier |
| 490 0# - MENCIÓN DE SERIE | |
| Mención de serie | El Libro de Bolsillo |
| 500 ## - NOTA GENERAL | |
| Nota general | BIBLIOTECA CARLOS GAVIRIA DÍAZ : AUTÓGRAFO: texto autografiado por Carlos Gaviria Díaz en la anteportada, ANOTACIONES : Texto con ideas resaltadas, con algunas sugerencias y anotaciones en las páginas. . |
| 650 #7 - PUNTO DE ACCESO ADICIONAL DE MATERIA--TÉRMINO DE MATERIA | |
| Término de materia o nombre geográfico como elemento de entrada | Antropología cultural |
| Fuente del encabezamiento o término | lemb |
| 9 (RLIN) | 43524 |
| 650 ## - PUNTO DE ACCESO ADICIONAL DE MATERIA--TÉRMINO DE MATERIA | |
| Término de materia o nombre geográfico como elemento de entrada | Mitología clásica - Diccionarios |
| 9 (RLIN) | 151522 |
| 650 ## - PUNTO DE ACCESO ADICIONAL DE MATERIA--TÉRMINO DE MATERIA | |
| Término de materia o nombre geográfico como elemento de entrada | Fondo Carlos Gaviria Díaz |
| 9 (RLIN) | 161523 |
| 700 10 - ENTRADA AGREGADA--NOMBRE PERSONAL | |
| Nombre de persona | Fernández Galiano, Emilio, |
| Fechas asociadas al nombre | 1946- |
| Código de función | cre |
| Término indicativo de función/relación | Creador |
| 9 (RLIN) | 267657 |
| 700 10 - ENTRADA AGREGADA--NOMBRE PERSONAL | |
| Nombre de persona | López Melero, Raquel |
| Código de función | cre |
| Término indicativo de función/relación | Creador |
| 9 (RLIN) | 551477 |
| 942 ## - ELEMENTOS DE ENTRADA AGREGADA (KOHA) | |
| Tipo de ítem Koha | Libros |
| Suprimir en OPAC | No |
No hay ítems disponibles.